000 01238cam a22003497a 4500
001 15184602
003 OSt
005 20140310182949.0
008 080219s2008 ph 000 0 eng
010 _a 2008313240
020 _a9789716780260
020 _z9716780260
040 _aDLC
_cDLC
_dDLC
041 0 _aeng
_atgl
042 _alcode
050 0 0 _aPL5539
_b.Ur72 2008
082 _2FIL 899.2012
_bU72 2008
100 1 _aUranza, Azucena Grajo.
245 1 0 _aMasks and mirrors
_cUranza, Azucena Grajo
260 _aSampaloc, Manila, Philippines
_bFar Eastern University Publications, Far Eastern University
_cc2008
300 _a 273 p.
_c24 cm.
500 _a"Eight plays"--Cover.
505 0 _aSolomon's choice -- Versions of the dawn -- Go, rider! -- The deserters -- Isang saglit sa karimlan -- Paglipas ng tag-araw -- Dagundong sa alabok -- Kasukat ng panaginip.
521 _aHigh School to College Student
526 _c0L to 1700L
541 _j1
546 _aEnglish and Tagalog.
562 _efor circulation. 1 copy available in the collection
906 _a7
_bcbc
_corigode
_d4
_encip
_f20
_gy-gencatlg
942 _2lcc
_cBK
_kFIL
999 _c17874
_d17874